00340nam a2200121 a 4500008004100000050001500041100003100056245004200087246002800129260003500157300001700192350000900209120416s1902 ||||||||||||||||| || u aBR 110 Jam aJames, William, 1842- 191014aThe varieties of religious experience aa study in human nature aNew YorkbModern Libraryc1902 axviii, 526p. a0.00